000 00434nam a22001697a 4500
003 OSt
005 20260406114335.0
008 260330b |||||||| |||| 00| 0 eng d
020 _a9789363987272
040 _cBGL
100 _aBeveridge Henry
245 _aComprehensive History Of India : Civil, Military & Social VOL-2
260 _aNew Delhi
_bNation Press
_c2025
300 _a1090p
650 _aGeneral
942 _2ddc
_cREF
999 _c44347
_d44347